Textbook on The Indian Penal Code / (Record no. 102192)

MARC details
000 -LEADER
fixed length control field 01032nam a22002897a 4500
005 - DATE AND TIME OF LATEST TRANSACTION
control field 20170222113927.0
008 - FIXED-LENGTH DATA ELEMENTS--GENERAL INFORMATION
fixed length control field 160811b xxu||||| |||| 00| 0 eng d
010 ## - LCCN (DPL NO)
LC control number 1617EN ENG-116979
020 ## - INTERNATIONAL STANDARD BOOK NUMBER
International Standard Book Number 9789350353974
Terms of availability 595.00
035 ## - SYSTEM CONTROL NUMBER
System control number B-652760-772
035 ## - SYSTEM CONTROL NUMBER
System control number EN-100511
037 ## - SOURCE OF ACQUISITION
Source of stock number/acquisition KKP
Stock number dpl
037 ## - SOURCE OF ACQUISITION
Source of stock number/acquisition DBAD / PUB
082 ## - DEWEY DECIMAL CLASSIFICATION NUMBER
Classification number 345.54
100 ## - MAIN ENTRY--PERSONAL NAME
Personal name Gaur, K.D.
245 ## - TITLE STATEMENT
Title Textbook on The Indian Penal Code /
Statement of responsibility, etc by K.D. Gaur; forewarded by V.N. Khare
250 ## - EDITION STATEMENT
Edition statement 5th ed
260 ## - PUBLICATION, DISTRIBUTION, ETC. (IMPRINT)
Place of publication, distribution, etc Gurgaon
Name of publisher, distributor, etc Universal Law Publishing
Date of publication, distribution, etc 2016
270 ## - ADDRESS
Address 14th Floor, Building No.10, Tower-B, DLF Cyber City Phase-II
City Gurgaon
Postal code 122002
300 ## - PHYSICAL DESCRIPTION
Extent cxxii, 973p.
Dimensions 23cm(pbk)
504 ## - BIBLIOGRAPHY, ETC. NOTE
Bibliography, etc Includes index.
610 ## - SUBJECT ADDED ENTRY--CORPORATE NAME
Corporate name or jurisdiction name as entry element India. Indian Penal Code
650 ## - SUBJECT ADDED ENTRY--TOPICAL TERM
Topical term or geographic name as entry element Criminal laws
General subdivision India
700 ## - ADDED ENTRY--PERSONAL NAME
Personal name Khare, V.N.
942 ## - ADDED ENTRY ELEMENTS (KOHA)
Source of classification or shelving scheme Dewey Decimal Classification
Item type English Books
Call number suffix GAU
Classification part 345.54
Holdings
Withdrawn status Lost status Source of classification or shelving scheme Damaged status Not for loan Collection code Home library Current library Date acquired Source of acquisition Cost, normal purchase price Total Checkouts Full call number Barcode Date last seen Copy number Cost, replacement price Koha item type Total Renewals
    Dewey Decimal Classification   Not For Loan Non-fiction D.B.Act.Division Bawana 29/12/2016 DBAD/PUB 595.00   345.54 GAU EN-100511 29/12/2016 1 595.00 English Books  
    Dewey Decimal Classification     Non-fiction Bawana Bawana 22/02/2017 BPPD/EN/2016-17/292/24.11.16/BL192/26.11.16/4.1.17 595.00 15 345.54 GAU B-652770 25/09/2023 1 595.00 English Books 9
    Dewey Decimal Classification     Non-fiction Central Jail Tihar Central Jail Tihar 22/02/2017 BPPD/EN/2016-17/292/24.11.16/BL192/26.11.16/4.1.17 595.00 5 345.54 GAU B-652766 09/03/2022 1 595.00 English Books 1
    Dewey Decimal Classification     Non-fiction Central Library Central Library 22/02/2017 BPPD/EN/2016-17/292/24.11.16/BL192/26.11.16/4.1.17 595.00 42 345.54 GAU B-652760 18/12/2025 1 595.00 English Books 15
    Dewey Decimal Classification     Non-fiction Janak Puri Janak Puri 22/02/2017 BPPD/EN/2016-17/292/24.11.16/BL192/26.11.16/4.1.17 595.00 30 345.54 GAU B-652767 11/03/2025 1 595.00 English Books 18
    Dewey Decimal Classification     Non-fiction Kasturba Gandhi Marg Kasturba Gandhi Marg 22/02/2017 BPPD/EN/2016-17/292/24.11.16/BL192/26.11.16/4.1.17 595.00 11 345.54 GAU B-652763 29/11/2024 1 595.00 English Books 19
    Dewey Decimal Classification     Non-fiction New Police Line New Police Line 22/02/2017 BPPD/EN/2016-17/292/24.11.16/BL192/26.11.16/4.1.17 595.00   345.54 GAU B-652761 22/02/2017 1 595.00 English Books  
    Dewey Decimal Classification     Non-fiction Patel Nagar Patel Nagar 22/02/2017 BPPD/EN/2016-17/292/24.11.16/BL192/26.11.16/4.1.17 595.00 3 345.54 GAU B-652762 16/11/2023 1 595.00 English Books  
    Dewey Decimal Classification     Non-fiction Peshwa Road Peshwa Road 22/02/2017 BPPD/EN/2016-17/292/24.11.16/BL192/26.11.16/4.1.17 595.00 3 345.54 GAU B-652764 23/03/2022 1 595.00 English Books  
    Dewey Decimal Classification     Non-fiction Sarojini Nagar Sarojini Nagar 22/02/2017 BPPD/EN/2016-17/292/24.11.16/BL192/26.11.16/4.1.17 595.00 25 345.54 GAU B-652768 27/01/2025 1 595.00 English Books 24
    Dewey Decimal Classification     Non-fiction Shahdara Branch Shahdara Branch 22/02/2017 BPPD/EN/2016-17/292/24.11.16/BL192/26.11.16/4.1.17 595.00 40 345.54 GAU B-652771 20/02/2026 1 595.00 English Books 41
    Dewey Decimal Classification     Non-fiction Tri Nagar Tri Nagar 22/02/2017 BPPD/EN/2016-17/292/24.11.16/BL192/26.11.16/4.1.17 595.00 1 345.54 GAU B-652765 21/12/2018 1 595.00 English Books 1
    Dewey Decimal Classification     Non-fiction Vinoba Puri Vinoba Puri 22/02/2017 BPPD/EN/2016-17/292/24.11.16/BL192/26.11.16/4.1.17 595.00 8 345.54 GAU B-652769 01/02/2022 1 595.00 English Books 5
    Dewey Decimal Classification     Non-fiction Yojana Vihar Yojana Vihar 22/02/2017 BPPD/EN/2016-17/292/24.11.16/BL192/26.11.16/4.1.17 595.00 4 345.54 GAU B-652772 17/02/2023 1 595.00 English Books 7

© Delhi Public Library
Hit Counter
free hit counter